A Tail in the mouth / (Record no. 19)

MARC details
000 -LEADER
fixed length control field 00461nam a22001692 4500
001 - CONTROL NUMBER
control field 0000000128
005 - DATE AND TIME OF LATEST TRANSACTION
control field 20151021151038.0
008 - FIXED-LENGTH DATA ELEMENTS--GENERAL INFORMATION
fixed length control field 070111s xx 000 0 eng d
040 ## - CATALOGING SOURCE
Original cataloging agency KABU
Transcribing agency KABU
100 1# - MAIN ENTRY--PERSONAL NAME
Personal name Mangua, Charles.
-- 0000152278
245 12 - TITLE STATEMENT
Title A Tail in the mouth /
Statement of responsibility, etc. Charles Mangua.
260 ## - PUBLICATION, DISTRIBUTION, ETC. (IMPRINT)
Place of publication, distribution, etc. Nairobi :
Name of publisher, distributor, etc. EAPH,
Date of publication, distribution, etc. 1972.
300 ## - PHYSICAL DESCRIPTION
Extent 277 p.
908 ## - PUT COMMAND PARAMETER (RLIN)
Put command parameter 070111
950 ## - LOCAL HOLDINGS (RLIN)
-- 1
Holdings
Withdrawn status Lost status Source of classification or shelving scheme Not for loan Home library Current library Date acquired Total Checkouts Full call number Barcode Date last seen Price effective from Koha item type
    Library of Congress Classification   Kabarak, Nakuru City Campus Kabarak, Nakuru City Campus 21/10/2015   PR9381.9 .M36T35 005528 21/10/2015 21/10/2015 General Collection
Designed with assistance from East African Informatics Ltd